Household buffalo raising in boseth district, kampong soeu province, (ការចិញ្ចឹមក្របីជាលក្ខណះគ្រួសារ នៅស្រុកបរសេដ្ឋ ខេត្តកំពង់ស្ពឺ) (Record no. 2222)
[ view plain ]
| 000 -LEADER | |
|---|---|
| fixed length control field | 00612nam a22001577a 4500 |
| 003 - CONTROL NUMBER IDENTIFIER | |
| control field | OSt |
| 005 - DATE AND TIME OF LATEST TRANSACTION | |
| control field | 20151008142252.0 |
| 008 - FIXED-LENGTH DATA ELEMENTS--GENERAL INFORMATION | |
| fixed length control field | 151008b xxu||||| |||| 00| 0 eng d |
| 040 ## - CATALOGING SOURCE | |
| Transcribing agency | RUA |
| 082 ## - DEWEY DECIMAL CLASSIFICATION NUMBER | |
| Classification number | AVM RON 2008 B084 Or.1 |
| 100 ## - MAIN ENTRY--PERSONAL NAME | |
| 9 (RLIN) | 2361 |
| Personal name | RONG RINA |
| 245 ## - TITLE STATEMENT | |
| Title | Household buffalo raising in boseth district, kampong soeu province, (ការចិញ្ចឹមក្របីជាលក្ខណះគ្រួសារ នៅស្រុកបរសេដ្ឋ ខេត្តកំពង់ស្ពឺ) |
| 260 ## - PUBLICATION, DISTRIBUTION, ETC. (IMPRINT) | |
| Place of publication, distribution, etc. | phnom penh |
| Name of publisher, distributor, etc. | rua |
| Date of publication, distribution, etc. | 2008 |
| 300 ## - PHYSICAL DESCRIPTION | |
| Extent | ix, 52p. |
| Other physical details | ill. |
| Dimensions | 29cm. |
| 942 ## - ADDED ENTRY ELEMENTS (KOHA) | |
| Source of classification or shelving scheme | |
| Koha item type | AVM |
| Price effective from | Date last seen | Permanent Location | Not for loan | Date acquired | Source of classification or shelving scheme | Koha item type | Lost status | Withdrawn status | Date last checked out | Total Checkouts | Shelving location | Damaged status | Barcode | Current Location | Full call number |
|---|---|---|---|---|---|---|---|---|---|---|---|---|---|---|---|
| 2015-10-08 | 2015-10-08 | Library Block B | 2015-10-08 | AVM | B084 | RUA008414 | Library Block B | AVM RON 2008 B084 Or.1 | |||||||
| 2015-10-08 | 2016-08-02 | Library Block B | 2015-10-08 | AVM | 2016-07-05 | 1 | B084 | RUA007950 | Library Block B | AVM RON 2008 B084 Or.2 | |||||
| 2015-10-08 | 2018-06-08 | Library Block B | 2015-10-08 | AVM | 2018-05-23 | 1 | B084 | RUA008701 | Library Block B | AVM RON 2008 B084 Or.3 | |||||
| 2015-10-08 | 2015-10-08 | Library Block B | 2015-10-08 | AVM | B084 | RUA008630 | Library Block B | AVM RON 2008 B084 Or.4 | |||||||
| 2015-10-08 | 2015-10-08 | Library Block B | 2015-10-08 | AVM | B084 | RUA007744 | Library Block B | AVM RON 2008 B084 Or.5 | |||||||
| 2015-10-08 | 2018-06-06 | Library Block B | 2015-10-08 | AVM | 2018-05-22 | 1 | B084 | RUA007851 | Library Block B | AVM RON 2008 B084 Or.6 | |||||
| 2015-10-08 | 2015-10-08 | Library Block B | 2015-10-08 | AVM | B084 | RUA025325 | Library Block B | AVM RON 2008 B084 Or.7 | |||||||
| 2015-10-08 | 2018-06-08 | Library Block B | 2015-10-08 | AVM | 2018-05-23 | 1 | B084 | RUA009892 | Library Block B | AVM RON 2008 B084 Or.8 | |||||
| 2015-10-08 | 2015-10-08 | Library Block B | 2015-10-08 | AVM | B084 | RUA009436 | Library Block B | AVM RON 2008 B084 Or.9 | |||||||
| 2015-10-08 | 2015-10-08 | Library Block B | 2015-10-08 | AVM | B084 | RUA025200 | Library Block B | AVM RON 2008 B084 Or.10 |